Dei dell'olimpo - Statistics

Statistiche generali
  • Questo quiz è stato fatto 326 volte
  • Il punteggio medio è 10 su 14
Statistiche sulle risposte
descrizione nome % Corretto
re degli dei zeus
100%
dio dei mari poseidone
96%
regina degli dei era
88%
dea della guerra e della ragione atena
87%
dio dell'oltretomba ade
81%
dio del sole apollo
81%
dio della guerra ares
81%
dea dell'amore afrodite
76%
messaggero degli dei ermes
70%
dea della caccia artemide
68%
dio del vino dioniso
61%
dio del fuoco efesto
55%
dea della fertilità demetra
27%
dea della casa estia
21%
Nessun quiz corrispondente trovato
Distribuzione punteggi
Percentuale di utenti per punteggio
Percentile per numero di risposta
I tuoi punteggi nel tempo
Non hai fatto questo quiz